[Event "EYCC 2024 - O12"]
[Site "?"]
[Date "2024.08.29"]
[Round "7.1"]
[White "Ambartsumian, Tyhran"]
[Black "Golis, Wiktor"]
[Result "0-1"]
[BlackElo "2216"]
[WhiteElo "2156"]
[LiveChessVersion "1.4.8"]

1. e4 {[%clk 1:30:16]} c5 {[%clk 1:30:40]} 2. Nf3 {[%clk 1:30:38]} e6
{[%clk 1:30:53]} 3. b3 {[%clk 1:31:03]} a6 {[%clk 1:30:28]} 4. g3
{[%clk 1:30:56]} d5 {[%clk 1:27:51]} 5. exd5 {[%clk 1:29:32]} exd5
{[%clk 1:27:52]} 6. d4 {[%clk 1:29:27]} Nc6 {[%clk 1:26:46]} 7. Bg2
{[%clk 1:29:11]} Bg4 {[%clk 1:21:53]} 8. O-O {[%clk 1:26:56]} Nxd4
{[%clk 1:06:28]} 9. Qe1+ {[%clk 1:27:13]} Be7 {[%clk 1:04:41]} 10. Nxd4
{[%clk 1:25:57]} cxd4 {[%clk 1:05:06]} 11. Bb2 {[%clk 1:25:11]} Nf6
{[%clk 1:04:47]} 12. Bxd4 {[%clk 1:24:03]} O-O {[%clk 1:03:51]} 13. Nc3
{[%clk 1:21:57]} Re8 {[%clk 0:51:22]} 14. Qd2 {[%clk 1:15:47]} Ne4
{[%clk 0:39:49]} 15. Nxe4 {[%clk 0:46:47]} dxe4 {[%clk 0:40:12]} 16. Qc3
{[%clk 0:46:10]} Rc8 {[%clk 0:37:28]} 17. Qb2 {[%clk 0:46:18]} Ba3
{[%clk 0:36:41]} 18. Qxa3 {[%clk 0:46:39]} Qxd4 {[%clk 0:37:06]} 19. Rae1
{[%clk 0:42:57]} Rxc2 {[%clk 0:31:07]} 20. Qa4 {[%clk 0:43:17]} Qxa4
{[%clk 0:30:23]} 21. bxa4 {[%clk 0:43:42]} Be2 {[%clk 0:25:38]} 22. Rc1
{[%clk 0:44:11]} Rxa2 {[%clk 0:25:16]} 23. Rfe1 {[%clk 0:44:39]} g6
{[%clk 0:20:47]} 24. a5 {[%clk 0:42:50]} Bd3 {[%clk 0:18:55]} 25. Rc7
{[%clk 0:41:50]} Rb2 {[%clk 0:15:32]} 26. h4 {[%clk 0:40:39]} Re5
{[%clk 0:14:53]} 27. Rd7 {[%clk 0:36:48]} Rxa5 {[%clk 0:14:17]} 28. Bxe4
{[%clk 0:34:25]} Bxe4 {[%clk 0:14:34]} 29. Rxe4 {[%clk 0:34:51]} Rf5
{[%clk 0:14:52]} 30. g4 {[%clk 0:33:10]} Rfxf2 {[%clk 0:15:02]} 31. g5
{[%clk 0:33:35]} Rfd2 {[%clk 0:14:37]} 32. h5 {[%clk 0:33:29]} Rb1+
{[%clk 0:14:57]} 0-1

[Event "EYCC 2024 - O12"]
[Site "?"]
[Date "2024.08.29"]
[Round "7.2"]
[White "Radzimski, Antoni"]
[Black "Shilon Rahav, Eliran"]
[Result "1-0"]
[BlackElo "2103"]
[WhiteElo "2062"]
[LiveChessVersion "1.4.8"]

1. d4 {[%clk 1:30:44]} d5 {[%clk 1:30:43]} 2. c4 {[%clk 1:30:59]} e6
{[%clk 1:30:55]} 3. Nc3 {[%clk 1:31:23]} Nf6 {[%clk 1:30:12]} 4. cxd5
{[%clk 1:31:10]} exd5 {[%clk 1:30:17]} 5. Bg5 {[%clk 1:31:34]} c6
{[%clk 1:30:11]} 6. e3 {[%clk 1:31:56]} h6 {[%clk 1:28:08]} 7. Bh4
{[%clk 1:32:19]} Bf5 {[%clk 1:27:37]} 8. Qf3 {[%clk 1:29:05]} Qd7
{[%clk 1:20:43]} 9. Bxf6 {[%clk 1:27:45]} gxf6 {[%clk 1:20:56]} 10. Nge2
{[%clk 1:23:20]} h5 {[%clk 1:15:28]} 11. h3 {[%clk 1:17:45]} Bd6 {[%clk 1:04:32]}
12. Nf4 {[%clk 1:14:33]} Bxf4 {[%clk 1:02:08]} 13. Qxf4 {[%clk 1:13:32]} b5
{[%clk 0:58:52]} 14. a4 {[%clk 1:05:10]} b4 {[%clk 0:38:01]} 15. Nb5
{[%clk 1:03:38]} cxb5 {[%clk 0:38:22]} 16. Bxb5 {[%clk 1:04:03]} Nc6
{[%clk 0:38:49]} 17. Bxc6 {[%clk 1:01:48]} Qxc6 {[%clk 0:39:18]} 18. Qxf5
{[%clk 1:02:16]} Qe6 {[%clk 0:38:34]} 19. Qd3 {[%clk 0:58:07]} O-O
{[%clk 0:35:55]} 20. Rc1 {[%clk 0:55:24]} Rfc8 {[%clk 0:36:05]} 21. O-O
{[%clk 0:50:17]} Rxc1 {[%clk 0:34:43]} 22. Rxc1 {[%clk 0:50:36]} Rc8
{[%clk 0:35:12]} 23. Rc5 {[%clk 0:48:54]} Rxc5 {[%clk 0:32:51]} 24. dxc5
{[%clk 0:48:38]} a6 {[%clk 0:33:17]} 25. Qd4 {[%clk 0:46:39]} a5 {[%clk 0:31:50]}
26. Qf4 {[%clk 0:46:52]} Qc6 {[%clk 0:31:10]} 27. Qb8+ {[%clk 0:45:25]} Kg7
{[%clk 0:31:30]} 28. Qb5 {[%clk 0:41:24]} Qxb5 {[%clk 0:31:27]} 29. axb5
{[%clk 0:41:50]} a4 {[%clk 0:31:50]} 30. b6 {[%clk 0:41:39]} a3 {[%clk 0:31:32]}
31. bxa3 {[%clk 0:42:03]} bxa3 {[%clk 0:32:01]} 32. b7 {[%clk 0:42:27]} a2
{[%clk 0:32:26]} 33. b8=Q {[%clk 0:42:52]} a1=Q+ {[%clk 0:32:49]} 34. Kh2
{[%clk 0:43:18]} d4 {[%clk 0:27:29]} 35. Qg3+ {[%clk 0:41:33]} Kh7
{[%clk 0:27:46]} 36. exd4 {[%clk 0:40:20]} Qxd4 {[%clk 0:28:08]} 37. Qe3
{[%clk 0:39:09]} Qd5 {[%clk 0:26:28]} 38. h4 {[%clk 0:38:05]} Qc4
{[%clk 0:25:15]} 39. g3 {[%clk 0:38:24]} Kg7 {[%clk 0:24:50]} 40. Kg1
{[%clk 0:36:40]} Qd5 {[%clk 0:23:23]} 41. Qc3 {[%clk 0:36:19]} Qd1+
{[%clk 0:21:15]} 42. Kg2 {[%clk 0:35:41]} Qd5+ {[%clk 0:21:34]} 43. Kh2
{[%clk 0:36:03]} Qc6 {[%clk 0:14:16]} 44. Qd4 {[%clk 0:35:46]} Qe6
{[%clk 0:13:46]} 45. Kg2 {[%clk 0:34:37]} Qc6+ {[%clk 0:11:53]} 46. Kg1
{[%clk 0:34:31]} Qe6 {[%clk 0:11:08]} 47. Qd1 {[%clk 0:34:08]} Qf5
{[%clk 0:05:45]} 48. Qc1 {[%clk 0:32:58]} Qe5 {[%clk 0:00:37]} 49. c6
{[%clk 0:33:09]} Qc7 {[%clk 0:00:40]} 50. Qc5 {[%clk 0:33:35]} Kg6
{[%clk 0:00:32]} 51. Kg2 {[%clk 0:33:04]} Kh6 {[%clk 0:00:32]} 52. Qf8+
{[%clk 0:31:30]} Kh7 {[%clk 0:00:32]} 53. Qe8 {[%clk 0:31:49]} Kg7
{[%clk 0:00:33]} 54. Qe4 {[%clk 0:29:34]} Qd6 {[%clk 0:00:36]} 55. Qc4
{[%clk 0:29:50]} Qc7 {[%clk 0:00:38]} 56. Qc5 {[%clk 0:29:56]} Kh6
{[%clk 0:00:37]} 57. Kf3 {[%clk 0:30:18]} Kg6 {[%clk 0:00:32]} 58. Qd5
{[%clk 0:29:52]} Qb6 {[%clk 0:00:33]} 59. Qd7 {[%clk 0:28:55]} Kg7
{[%clk 0:00:33]} 60. Qb7 {[%clk 0:27:51]} Qd4 {[%clk 0:00:31]} 61. c7
{[%clk 0:27:59]} Qa1 {[%clk 0:00:33]} 62. Kg2 {[%clk 0:28:18]} 1-0

[Event "EYCC 2024 - O12"]
[Site "?"]
[Date "2024.08.29"]
[Round "7.3"]
[White "Nicot, Valentin"]
[Black "Papai, Mate"]
[Result "1/2-1/2"]
[BlackElo "1985"]
[WhiteElo "2068"]
[LiveChessVersion "1.4.8"]

1. c4 {[%clk 1:30:40]} c6 {[%clk 1:30:56]} 2. Nf3 {[%clk 1:30:39]} d5
{[%clk 1:31:05]} 3. g3 {[%clk 1:31:00]} Bg4 {[%clk 1:30:45]} 4. Bg2
{[%clk 1:30:55]} Nd7 {[%clk 1:30:16]} 5. cxd5 {[%clk 1:28:51]} cxd5
{[%clk 1:30:39]} 6. O-O {[%clk 1:26:30]} e6 {[%clk 1:27:56]} 7. Nc3
{[%clk 1:25:28]} Ngf6 {[%clk 1:27:21]} 8. d4 {[%clk 1:23:30]} Be7
{[%clk 1:25:21]} 9. Bf4 {[%clk 1:22:27]} O-O {[%clk 1:23:30]} 10. Rc1
{[%clk 1:20:25]} a6 {[%clk 1:21:45]} 11. Ne1 {[%clk 1:12:41]} b5 {[%clk 1:18:17]}
12. Nd3 {[%clk 1:07:45]} Rc8 {[%clk 1:08:29]} 13. a4 {[%clk 0:58:04]} b4
{[%clk 1:06:20]} 14. Na2 {[%clk 0:57:09]} Qb6 {[%clk 1:04:26]} 15. Be3
{[%clk 0:53:19]} a5 {[%clk 0:57:45]} 16. f3 {[%clk 0:45:31]} Bf5 {[%clk 0:55:42]}
17. Qd2 {[%clk 0:42:23]} Qa6 {[%clk 0:42:28]} 18. Rfd1 {[%clk 0:33:20]} b3
{[%clk 0:35:16]} 19. Nc3 {[%clk 0:32:43]} Nb6 {[%clk 0:34:50]} 20. Ne5
{[%clk 0:30:18]} Ne8 {[%clk 0:30:44]} 21. Bf2 {[%clk 0:20:01]} Bc2
{[%clk 0:28:49]} 22. Rxc2 {[%clk 0:19:59]} bxc2 {[%clk 0:29:06]} 23. Qxc2
{[%clk 0:20:25]} Bb4 {[%clk 0:27:44]} 24. Nd3 {[%clk 0:19:53]} Nd7
{[%clk 0:19:14]} 25. Qb3 {[%clk 0:18:27]} Bxc3 {[%clk 0:16:59]} 26. bxc3
{[%clk 0:18:53]} Qc4 {[%clk 0:17:02]} 27. Qa3 {[%clk 0:15:19]} Qxc3
{[%clk 0:15:54]} 28. Qxc3 {[%clk 0:15:46]} Rxc3 {[%clk 0:16:18]} 29. Be1
{[%clk 0:16:15]} Ra3 {[%clk 0:15:08]} 30. Bxa5 {[%clk 0:16:35]} Rxa4
{[%clk 0:13:39]} 31. Bb4 {[%clk 0:16:58]} Nc7 {[%clk 0:11:43]} 32. Bxf8
{[%clk 0:17:17]} Kxf8 {[%clk 0:12:08]} 33. e3 {[%clk 0:14:57]} Nb6
{[%clk 0:11:25]} 34. Nc5 {[%clk 0:14:06]} Ra3 {[%clk 0:10:44]} 35. e4
{[%clk 0:10:09]} Nc4 {[%clk 0:09:09]} 36. Rb1 {[%clk 0:08:12]} Na6
{[%clk 0:06:39]} 37. Nxa6 {[%clk 0:07:37]} Rxa6 {[%clk 0:07:06]} 38. Bf1
{[%clk 0:06:34]} Ra4 {[%clk 0:05:56]} 39. Rb8+ {[%clk 0:06:33]} Ke7
{[%clk 0:06:25]} 40. Rb7+ {[%clk 0:06:26]} Kf6 {[%clk 0:06:42]} 41. e5+
{[%clk 0:04:50]} Kg6 {[%clk 0:07:03]} 42. Bd3+ {[%clk 0:05:09]} Kh6
{[%clk 0:05:14]} 43. Rxf7 {[%clk 0:04:39]} Ra1+ {[%clk 0:03:54]} 44. Kf2
{[%clk 0:04:21]} Ra2+ {[%clk 0:04:13]} 45. Ke1 {[%clk 0:03:55]} Ra1+
{[%clk 0:03:35]} 46. Kf2 {[%clk 0:04:05]} Ra2+ {[%clk 0:02:46]} 47. Be2
{[%clk 0:04:11]} Kg6 {[%clk 0:00:59]} 48. Re7 {[%clk 0:04:01]} Rd2
{[%clk 0:00:58]} 49. Rxe6+ {[%clk 0:03:43]} Kf7 {[%clk 0:01:20]} 50. Rc6
{[%clk 0:03:18]} Rxd4 {[%clk 0:01:45]} 51. Bxc4 {[%clk 0:02:29]} dxc4
{[%clk 0:02:08]} 52. Ke3 {[%clk 0:02:51]} Rd3+ {[%clk 0:02:09]} 53. Ke4
{[%clk 0:03:18]} Rc3 {[%clk 0:01:39]} 54. Rc7+ {[%clk 0:03:43]} Kf8
{[%clk 0:01:23]} 55. Kd5 {[%clk 0:02:29]} Rxf3 {[%clk 0:00:57]} 56. Ke6
{[%clk 0:02:56]} g5 {[%clk 0:00:46]} 57. Rxc4 {[%clk 0:02:51]} h5
{[%clk 0:00:39]} 58. Rc8+ {[%clk 0:02:48]} Kg7 {[%clk 0:01:07]} 59. Kd6
{[%clk 0:02:03]} Rd3+ {[%clk 0:00:41]} 60. Ke7 {[%clk 0:01:53]} Ra3
{[%clk 0:00:42]} 61. Ke6 {[%clk 0:00:36]} Rf3 {[%clk 0:00:31]} 62. Rc7+
{[%clk 0:00:41]} Kg6 {[%clk 0:00:39]} 63. Rc2 {[%clk 0:00:48]} g4
{[%clk 0:00:41]} 64. Re2 {[%clk 0:00:57]} Ra3 {[%clk 0:00:55]} 65. Rd2
{[%clk 0:01:11]} Ra6+ {[%clk 0:00:32]} 66. Rd6 {[%clk 0:01:35]} Ra7
{[%clk 0:00:50]} 67. Rb6 {[%clk 0:01:29]} Kg5 {[%clk 0:00:31]} 68. Rb8
{[%clk 0:01:02]} Ra6+ {[%clk 0:00:32]} 69. Kd5 {[%clk 0:00:35]} Ra5+
{[%clk 0:00:47]} 70. Kd6 {[%clk 0:00:59]} Ra6+ {[%clk 0:01:01]} 71. Kd5
{[%clk 0:00:38]} Ra5+ {[%clk 0:01:08]} 72. Kd4 {[%clk 0:00:33]} Ra2
{[%clk 0:00:42]} 73. Rg8+ {[%clk 0:00:37]} Kf5 {[%clk 0:01:03]} 74. Rf8+
{[%clk 0:01:04]} Ke6 {[%clk 0:00:55]} 75. Rf6+ {[%clk 0:01:23]} Ke7
{[%clk 0:01:12]} 76. Rh6 {[%clk 0:01:25]} Rxh2 {[%clk 0:01:30]} 77. Ke4
{[%clk 0:01:09]} Rf2 {[%clk 0:00:58]} 78. Rxh5 {[%clk 0:01:09]} Rf3
{[%clk 0:01:03]} 79. Rh7+ {[%clk 0:01:30]} Ke6 {[%clk 0:01:26]} 80. Rh6+
{[%clk 0:01:56]} Ke7 {[%clk 0:01:43]} 81. Rh7+ {[%clk 0:01:36]} Ke6
{[%clk 0:02:04]} 82. Ra7 {[%clk 0:01:43]} Rxg3 {[%clk 0:02:11]} 83. Ra6+
{[%clk 0:02:11]} Ke7 {[%clk 0:02:39]} 84. Kf5 {[%clk 0:02:29]} Rg1
{[%clk 0:02:11]} 85. Ra7+ {[%clk 0:02:55]} Kf8 {[%clk 0:02:34]} 86. Ra8+
{[%clk 0:02:28]} Ke7 {[%clk 0:02:56]} 87. Ra7+ {[%clk 0:02:55]} Kf8
{[%clk 0:03:23]} 88. Kf6 {[%clk 0:02:02]} Rf1+ {[%clk 0:03:34]} 89. Ke6
{[%clk 0:02:26]} 1/2-1/2

[Event "EYCC 2024 - O12"]
[Site "?"]
[Date "2024.08.29"]
[Round "7.4"]
[White "Gibala, Adam"]
[Black "Akkus, Muhammed Ali"]
[Result "1-0"]
[BlackElo "1698"]
[WhiteElo "2199"]
[LiveChessVersion "1.4.8"]

1. e4 {[%clk 1:30:58]} c5 {[%clk 1:30:52]} 2. Nf3 {[%clk 1:31:25]} d6
{[%clk 1:31:08]} 3. d4 {[%clk 1:31:49]} cxd4 {[%clk 1:31:30]} 4. Nxd4
{[%clk 1:32:15]} Nf6 {[%clk 1:31:22]} 5. Nc3 {[%clk 1:32:41]} Nc6
{[%clk 1:31:15]} 6. Nb3 {[%clk 1:33:05]} g6 {[%clk 1:21:03]} 7. Be3
{[%clk 1:33:25]} Bg7 {[%clk 1:17:14]} 8. f3 {[%clk 1:33:50]} Bd7 {[%clk 1:13:27]}
9. Qd2 {[%clk 1:34:14]} a6 {[%clk 1:08:07]} 10. O-O-O {[%clk 1:34:02]} b5
{[%clk 1:06:02]} 11. g4 {[%clk 1:26:37]} Rc8 {[%clk 1:01:56]} 12. g5
{[%clk 1:26:33]} Nh5 {[%clk 1:01:24]} 13. Nd5 {[%clk 1:26:58]} Ne5
{[%clk 0:54:52]} 14. Bb6 {[%clk 1:27:26]} e6 {[%clk 0:52:44]} 15. Bxd8
{[%clk 1:27:46]} exd5 {[%clk 0:52:53]} 16. Bf6 {[%clk 1:26:34]} Nxf6
{[%clk 0:52:37]} 17. gxf6 {[%clk 1:26:38]} Bxf6 {[%clk 0:52:50]} 18. f4
{[%clk 1:26:09]} Nc4 {[%clk 0:51:32]} 19. Bxc4 {[%clk 1:26:30]} bxc4
{[%clk 0:51:22]} 20. Nd4 {[%clk 1:26:49]} dxe4 {[%clk 0:51:27]} 21. c3
{[%clk 1:27:02]} O-O {[%clk 0:50:55]} 22. h4 {[%clk 1:27:17]} Bg4
{[%clk 0:48:28]} 23. Rdg1 {[%clk 1:27:15]} h5 {[%clk 0:47:22]} 24. Rxg4
{[%clk 1:26:04]} hxg4 {[%clk 0:47:42]} 25. h5 {[%clk 1:26:16]} Rfe8
{[%clk 0:46:52]} 26. hxg6 {[%clk 1:26:35]} fxg6 {[%clk 0:47:12]} 27. Qg2
{[%clk 1:26:55]} Kg7 {[%clk 0:45:40]} 28. Qxg4 {[%clk 1:27:18]} Bxd4
{[%clk 0:44:50]} 29. Qd7+ {[%clk 1:27:39]} Kf6 {[%clk 0:45:07]} 30. Qxd6+
{[%clk 1:28:01]} Kf5 {[%clk 0:45:22]} 31. Qd5+ {[%clk 1:27:49]} Kf6
{[%clk 0:45:28]} 32. Qxd4+ {[%clk 1:28:14]} Kf5 {[%clk 0:45:55]} 33. Rg1
{[%clk 1:28:24]} Rcd8 {[%clk 0:46:10]} 34. Rg5+ {[%clk 1:28:42]} Kxf4
{[%clk 0:46:33]} 35. Qf6+ {[%clk 1:29:10]} Ke3 {[%clk 0:46:56]} 36. Rg3+
{[%clk 1:29:33]} Ke2 {[%clk 0:47:22]} 37. Rg2+ {[%clk 1:29:56]} 1-0

[Event "EYCC 2024 - O12"]
[Site "?"]
[Date "2024.08.29"]
[Round "7.5"]
[White "Marynychenko, Yehor"]
[Black "Jalving, August"]
[Result "1-0"]
[BlackElo "2027"]
[WhiteElo "2015"]
[LiveChessVersion "1.4.8"]

1. c4 {[%clk 1:30:42]} e5 {[%clk 1:30:52]} 2. Nc3 {[%clk 1:31:06]} Bb4
{[%clk 1:30:41]} 3. Nd5 {[%clk 1:31:28]} Bc5 {[%clk 1:31:06]} 4. e3
{[%clk 1:31:54]} c6 {[%clk 1:31:20]} 5. d4 {[%clk 1:32:18]} Bd6 {[%clk 1:30:29]}
6. Nc3 {[%clk 1:32:34]} Bc7 {[%clk 1:30:09]} 7. dxe5 {[%clk 1:27:59]} Bxe5
{[%clk 1:30:17]} 8. Nf3 {[%clk 1:27:49]} Bxc3+ {[%clk 1:27:54]} 9. bxc3
{[%clk 1:27:38]} c5 {[%clk 1:26:20]} 10. e4 {[%clk 1:20:07]} Ne7 {[%clk 1:15:42]}
11. Bf4 {[%clk 1:11:36]} O-O {[%clk 1:13:39]} 12. Bd3 {[%clk 1:09:01]} Re8
{[%clk 1:05:56]} 13. O-O {[%clk 1:07:02]} Nbc6 {[%clk 1:05:04]} 14. Bd6
{[%clk 1:05:24]} b6 {[%clk 1:05:02]} 15. e5 {[%clk 1:00:34]} Ng6 {[%clk 1:04:16]}
16. Re1 {[%clk 0:58:12]} Bb7 {[%clk 1:02:56]} 17. Be4 {[%clk 0:44:49]} Na5
{[%clk 0:59:50]} 18. Qc2 {[%clk 0:43:03]} Qc8 {[%clk 0:57:13]} 19. Bd5
{[%clk 0:40:14]} Bxd5 {[%clk 0:54:28]} 20. cxd5 {[%clk 0:40:32]} Nc4
{[%clk 0:53:05]} 21. Qa4 {[%clk 0:33:00]} Nxd6 {[%clk 0:51:05]} 22. exd6
{[%clk 0:33:29]} Qb7 {[%clk 0:37:49]} 23. Qg4 {[%clk 0:31:33]} Qxd5
{[%clk 0:35:51]} 24. Qxd7 {[%clk 0:25:37]} Red8 {[%clk 0:35:35]} 25. Qc7
{[%clk 0:25:46]} Qxd6 {[%clk 0:35:27]} 26. Re8+ {[%clk 0:26:04]} Rxe8
{[%clk 0:34:07]} 27. Qxd6 {[%clk 0:26:28]} Re6 {[%clk 0:33:57]} 28. Qd5
{[%clk 0:26:29]} Rae8 {[%clk 0:34:23]} 29. g3 {[%clk 0:26:38]} Ne7
{[%clk 0:34:34]} 30. Qd7 {[%clk 0:26:46]} Nc6 {[%clk 0:34:16]} 31. Re1
{[%clk 0:24:56]} Rxe1+ {[%clk 0:34:13]} 32. Nxe1 {[%clk 0:25:24]} Rxe1+
{[%clk 0:34:35]} 33. Kg2 {[%clk 0:25:48]} g6 {[%clk 0:34:03]} 34. Qxc6
{[%clk 0:26:11]} Re7 {[%clk 0:34:29]} 35. Qf6 {[%clk 0:26:20]} Rd7
{[%clk 0:34:50]} 36. Qe5 {[%clk 0:26:37]} Rb7 {[%clk 0:34:36]} 37. Qd5
{[%clk 0:26:48]} Rb8 {[%clk 0:35:04]} 38. Qd7 {[%clk 0:27:08]} Ra8
{[%clk 0:35:07]} 39. Qb7 {[%clk 0:27:32]} Re8 {[%clk 0:35:30]} 40. Qxa7
{[%clk 0:27:56]} Re6 {[%clk 0:35:54]} 41. a4 {[%clk 0:28:12]} Kg7
{[%clk 0:36:10]} 42. a5 {[%clk 0:28:28]} bxa5 {[%clk 0:36:40]} 43. Qxc5
{[%clk 0:28:49]} Ra6 {[%clk 0:36:27]} 44. Qb5 {[%clk 0:29:12]} Ra8
{[%clk 0:36:50]} 45. Qa4 {[%clk 0:29:37]} Ra6 {[%clk 0:37:01]} 46. c4
{[%clk 0:30:00]} Ra8 {[%clk 0:37:20]} 47. c5 {[%clk 0:30:24]} h5 {[%clk 0:37:35]}
48. c6 {[%clk 0:30:49]} Rc8 {[%clk 0:38:01]} 49. Qd4+ {[%clk 0:31:10]} Kh7
{[%clk 0:38:20]} 50. Qd7 {[%clk 0:31:35]} a4 {[%clk 0:38:40]} 51. Qxc8
{[%clk 0:31:59]} a3 {[%clk 0:39:05]} 52. Qa6 {[%clk 0:32:25]} a2 {[%clk 0:39:30]}
53. Qxa2 {[%clk 0:32:52]} 1-0

[Event "EYCC 2024 - O12"]
[Site "?"]
[Date "2024.08.29"]
[Round "7.6"]
[White "Brzezina, Pawel"]
[Black "Kiryttopoulos, Ioannis"]
[Result "1-0"]
[BlackElo "1922"]
[WhiteElo "2121"]
[LiveChessVersion "1.4.8"]

1. d4 {[%clk 1:30:37]} d5 {[%clk 1:30:48]} 2. c4 {[%clk 1:30:50]} e6
{[%clk 1:31:15]} 3. Nf3 {[%clk 1:30:43]} Nf6 {[%clk 1:30:52]} 4. Nc3
{[%clk 1:30:35]} Be7 {[%clk 1:30:51]} 5. Bf4 {[%clk 1:30:21]} c6 {[%clk 1:27:11]}
6. e3 {[%clk 1:29:26]} O-O {[%clk 1:26:56]} 7. Be2 {[%clk 1:27:39]} b6
{[%clk 1:21:43]} 8. O-O {[%clk 1:27:15]} Bb7 {[%clk 1:21:02]} 9. cxd5
{[%clk 1:26:11]} exd5 {[%clk 1:20:29]} 10. Rc1 {[%clk 1:23:51]} c5
{[%clk 1:12:37]} 11. Ne5 {[%clk 1:10:44]} Nc6 {[%clk 1:10:37]} 12. Bf3
{[%clk 1:07:43]} Nxe5 {[%clk 1:03:16]} 13. Bxe5 {[%clk 1:07:04]} c4
{[%clk 0:58:42]} 14. b3 {[%clk 0:52:43]} Rc8 {[%clk 0:50:01]} 15. bxc4
{[%clk 0:52:19]} Rxc4 {[%clk 0:50:06]} 16. Be2 {[%clk 0:51:56]} Rc8
{[%clk 0:47:44]} 17. Bxf6 {[%clk 0:50:30]} Bxf6 {[%clk 0:48:06]} 18. Qb3
{[%clk 0:49:40]} Qd7 {[%clk 0:37:05]} 19. h3 {[%clk 0:46:19]} Be7
{[%clk 0:31:58]} 20. Bg4 {[%clk 0:45:00]} f5 {[%clk 0:32:24]} 21. Bf3
{[%clk 0:45:20]} Rcd8 {[%clk 0:32:14]} 22. Nb5 {[%clk 0:34:19]} Ba6
{[%clk 0:27:31]} 23. a4 {[%clk 0:33:31]} Bxb5 {[%clk 0:25:12]} 24. axb5
{[%clk 0:32:04]} Kh8 {[%clk 0:23:56]} 25. Rc6 {[%clk 0:31:47]} f4
{[%clk 0:21:27]} 26. Rfc1 {[%clk 0:23:30]} fxe3 {[%clk 0:20:39]} 27. Qxe3
{[%clk 0:23:51]} Bd6 {[%clk 0:19:46]} 28. Ra1 {[%clk 0:18:35]} Qf7
{[%clk 0:13:39]} 29. Bg4 {[%clk 0:14:32]} Rde8 {[%clk 0:12:14]} 30. Qf3
{[%clk 0:14:16]} Qe7 {[%clk 0:10:47]} 31. Qd1 {[%clk 0:11:54]} Qf6
{[%clk 0:09:44]} 32. Qd2 {[%clk 0:11:14]} Re4 {[%clk 0:07:41]} 33. Rd1
{[%clk 0:09:57]} Rfe8 {[%clk 0:05:20]} 34. g3 {[%clk 0:07:40]} g6
{[%clk 0:04:44]} 35. Qc3 {[%clk 0:05:22]} Rf8 {[%clk 0:02:04]} 36. Qf3
{[%clk 0:04:39]} Qxf3 {[%clk 0:01:37]} 37. Bxf3 {[%clk 0:05:01]} Rxf3
{[%clk 0:02:05]} 38. Rxd6 {[%clk 0:05:22]} Re2 {[%clk 0:02:18]} 39. Rf1
{[%clk 0:05:29]} Rf5 {[%clk 0:01:14]} 40. g4 {[%clk 0:05:43]} Rf4 41. Rxd5
{[%clk 0:05:57]} Rd2 {[%clk 0:00:38]} 42. Rd8+ {[%clk 0:04:59]} Kg7
{[%clk 0:01:02]} 43. Rd7+ {[%clk 0:04:40]} Rf7 {[%clk 0:00:37]} 44. Rxf7+
{[%clk 0:04:58]} Kxf7 {[%clk 0:01:04]} 45. Ra1 {[%clk 0:05:19]} Rxd4
{[%clk 0:00:33]} 46. Rxa7+ {[%clk 0:05:46]} Ke6 {[%clk 0:00:32]} 47. Rb7
{[%clk 0:04:47]} Rd6 {[%clk 0:00:57]} 48. Rxh7 {[%clk 0:05:08]} Rd5
{[%clk 0:01:25]} 49. Rc7 {[%clk 0:05:01]} Rxb5 {[%clk 0:01:36]} 50. Rc6+
{[%clk 0:05:22]} Kf7 {[%clk 0:01:59]} 51. Kg2 {[%clk 0:05:33]} Rb3
{[%clk 0:01:45]} 52. h4 {[%clk 0:05:22]} b5 {[%clk 0:01:34]} 53. Rb6
{[%clk 0:05:28]} b4 {[%clk 0:01:04]} 54. f3 {[%clk 0:05:53]} Rb1 {[%clk 0:00:37]}
55. Kg3 {[%clk 0:06:03]} b3 {[%clk 0:00:47]} 56. Kf4 {[%clk 0:06:26]} Rb2
{[%clk 0:00:32]} 57. Kg5 {[%clk 0:06:45]} Rb1 {[%clk 0:00:34]} 58. Rb7+
{[%clk 0:06:47]} Ke6 {[%clk 0:00:55]} 59. Kxg6 {[%clk 0:07:07]} b2
{[%clk 0:01:09]} 60. h5 {[%clk 0:07:06]} Rf1 {[%clk 0:01:04]} 61. Rxb2
{[%clk 0:07:27]} Rxf3 {[%clk 0:01:30]} 62. g5 {[%clk 0:07:22]} Ke7
{[%clk 0:01:52]} 63. h6 {[%clk 0:07:37]} 1-0

[Event "EYCC 2024 - O12"]
[Site "?"]
[Date "2024.08.29"]
[Round "7.7"]
[White "Ritzerveld, Noah"]
[Black "Faryma, Maksym"]
[Result "1-0"]
[BlackElo "2011"]
[WhiteElo "2293"]
[LiveChessVersion "1.4.8"]

1. e4 {[%clk 1:30:59]} c6 {[%clk 1:30:55]} 2. d4 {[%clk 1:31:24]} d5
{[%clk 1:31:21]} 3. Nc3 {[%clk 1:31:50]} dxe4 {[%clk 1:31:42]} 4. Nxe4
{[%clk 1:32:14]} Nf6 {[%clk 1:32:04]} 5. Nxf6+ {[%clk 1:32:32]} exf6
{[%clk 1:32:24]} 6. Be3 {[%clk 1:31:27]} Na6 {[%clk 1:31:40]} 7. c3
{[%clk 1:31:16]} Nc7 {[%clk 1:31:08]} 8. Bd3 {[%clk 1:30:52]} Bd6
{[%clk 1:29:58]} 9. Ne2 {[%clk 1:28:39]} Bg4 {[%clk 1:28:35]} 10. Qc2
{[%clk 1:22:57]} Nd5 {[%clk 1:22:04]} 11. Bd2 {[%clk 1:22:13]} Qc7
{[%clk 1:17:54]} 12. f3 {[%clk 1:12:11]} Be6 {[%clk 1:12:38]} 13. O-O-O
{[%clk 1:09:17]} Nf4 {[%clk 1:02:24]} 14. Nxf4 {[%clk 1:06:35]} Bxf4
{[%clk 1:02:43]} 15. Bxf4 {[%clk 1:04:38]} Qxf4+ {[%clk 1:03:03]} 16. Kb1
{[%clk 1:05:01]} O-O-O {[%clk 1:01:44]} 17. Ka1 {[%clk 0:58:46]} Qg5
{[%clk 0:48:27]} 18. Rhe1 {[%clk 0:51:32]} Rhe8 {[%clk 0:45:54]} 19. Re2
{[%clk 0:41:58]} Bd7 {[%clk 0:32:28]} 20. Rde1 {[%clk 0:40:35]} Rxe2
{[%clk 0:31:27]} 21. Rxe2 {[%clk 0:40:27]} Re8 {[%clk 0:31:49]} 22. Kb1
{[%clk 0:34:35]} Rxe2 {[%clk 0:31:05]} 23. Qxe2 {[%clk 0:34:55]} Be6
{[%clk 0:29:53]} 24. g3 {[%clk 0:32:05]} h6 {[%clk 0:20:36]} 25. c4
{[%clk 0:29:21]} Kd8 {[%clk 0:19:21]} 26. f4 {[%clk 0:22:30]} Qa5
{[%clk 0:15:05]} 27. a3 {[%clk 0:16:21]} Bf5 28. Ka2 {[%clk 0:16:46]} Bxd3
{[%clk 0:11:03]} 29. Qxd3 Kd7 30. d5 {[%clk 0:12:16]} cxd5 {[%clk 0:10:03]} 31.
b4 {[%clk 0:12:17]} Qb6 {[%clk 0:08:59]} 32. Qxd5+ {[%clk 0:11:59]} Ke8
{[%clk 0:09:03]} 33. Kb3 {[%clk 0:09:43]} a6 {[%clk 0:08:27]} 34. Ka4
{[%clk 0:06:46]} Qc7 {[%clk 0:08:24]} 35. c5 {[%clk 0:06:33]} Qe7
{[%clk 0:05:53]} 36. c6 {[%clk 0:03:26]} b6 {[%clk 0:05:52]} 37. b5
{[%clk 0:02:09]} a5 {[%clk 0:06:07]} 38. Qd4 {[%clk 0:02:19]} Qc7
{[%clk 0:05:58]} 39. Kb3 {[%clk 0:02:12]} Ke7 {[%clk 0:05:42]} 40. Kc4
{[%clk 0:01:20]} Ke8 {[%clk 0:05:58]} 41. h4 {[%clk 0:01:26]} Ke7
{[%clk 0:06:12]} 42. Kb3 {[%clk 0:01:24]} Ke8 {[%clk 0:06:23]} 43. g4
{[%clk 0:01:00]} Ke7 {[%clk 0:06:46]} 44. Kc4 {[%clk 0:01:00]} Ke8
{[%clk 0:07:05]} 45. g5 {[%clk 0:00:46]} hxg5 {[%clk 0:07:01]} 46. hxg5
{[%clk 0:00:50]} Ke7 {[%clk 0:06:14]} 47. gxf6+ {[%clk 0:00:51]} gxf6
{[%clk 0:06:38]} 48. Kc3 {[%clk 0:00:51]} Ke6 {[%clk 0:05:31]} 49. Qe4+
{[%clk 0:00:46]} Kd6 {[%clk 0:05:54]} 50. Qe8 {[%clk 0:00:36]} Kc5
{[%clk 0:05:53]} 51. Qe4 {[%clk 0:00:50]} Kd6 {[%clk 0:05:41]} 52. Kc4
{[%clk 0:00:55]} Qc8 {[%clk 0:05:40]} 53. f5 {[%clk 0:00:55]} Kc7
{[%clk 0:04:24]} 54. Qe7+ {[%clk 0:01:20]} Kb8 {[%clk 0:04:47]} 55. Qd6+
{[%clk 0:01:26]} Ka8 {[%clk 0:04:50]} 56. Qd7 {[%clk 0:01:31]} Qb8
{[%clk 0:05:12]} 57. c7 {[%clk 0:01:54]} Qxc7+ {[%clk 0:05:13]} 58. Qxc7
{[%clk 0:02:17]} a4 {[%clk 0:05:39]} 59. Qd7 {[%clk 0:02:35]} 1-0